000 00533nam a22001937a 4500
005 20251023104333.0
008 251023b |||||||| |||| 00| 0 eng d
037 _cTB
040 _aAL
_cAL
041 _2ENG
_aENG
084 _bAL
100 _aShenolikar, H. S.
_9849291
245 _aMarathi-sante-tadtvajana
260 _aPune, India:
_bSAS Creations,
_c1994.
300 _a552p.
365 _b4.50
_cINR
942 _2CC
_cTB
_n0
999 _c1464996
_d1464996